000 00780nam a22001937a 4500
999 _c166507
_d166507
005 20190725160407.0
010 _aUR-10288
020 _c250.00
_a9789388356404
035 _aU-8843
037 _bDBAD/PUB
082 _a840.08
100 _aصفی ا لر حمن ر ا عين
245 _aمنا ظر عا شق ہر گا نو ی ا و ر ڈ ا ک ٹکٹ کی ا عز ا ز يا بی
_cصفی ا لر حمن ر ا عين
246 _bManazir Ashiq Harganvi Aur Dakticket Ki Ezaz yabi (Urdu)
_aby Safiur Rahman Rayeen
260 _a Delhi
_bEducational Publishing House
_c2018 ء
270 _a3191,Vakil Street,Kucha Pandit Lal Kuan,
_bDelhi
_e110006
_k23216162
_l0091-1123211540
300 _a192 ص
_c22 Cm(Hb)
942 _2ddc
_cUR
_h840.08
_mم ن ا